000 00610nam a22002297a 4500
003 OSt
005 20140310182935.0
008 130201t xxu||||| |||| 00| 0 eng d
020 _a9789712722950
050 _aDS668
_b.D542 2009
082 _aFIL959.9
_bD54 2009
245 _aThe Other Philippine History Textbook
_cDiaz, Christine L.
260 _aPasig City, Philippines :
_bAnvil,
_cc2009
300 _a2 v. : ill.
_c23 cm.
521 _acollege students
526 _c1210L-1700L
541 _j1
541 _j2
541 _j3
562 _e2
942 _2lcc
_cBK
_kFIL
999 _c17601
_d17601